000 00648nam a22002177a 4500
999 _c7834
_d7834
003 AR-CdUCM
008 190321b ||||| |||| 00| 0 spa d
020 _a84-205-0557-9
040 _aMUNICIPALIDAD PROVINCIAL DEL CUSCO
_cBIBLIOTECA MUNICIPAL DEL CUSCO
082 _a513.83 /
_bM26
100 _aMargalef Roig, J.
_922153
245 _aTopología /
260 _aMadrid :
_bAlhambra,
_c1980.
300 _a322 páginas ;
_c24 cm.
505 _aPara compacidad -- Metrización ...
650 _aTopologia
_922154
700 _aOuterelo Dominguez, E.
_922155
700 _aPinilla Ferrando, J. L.
_922156
942 _2ddc
_cLIBROS
945 _aacv